000 00928nam a2200217 a 4500
001 000021460
005 20200930011333.0
008 100908s1980 dr ac r 000 0 spa d
040 _aDO-SdBNP
_bspa
_cBNPHU
082 _a352.48
_bR426p, 1980
110 1 _aRepública Dominicana
_bSecretariado Técnico de la Presidencia
_bOficina Nacional de Presupuesto
_932266
245 1 0 _aPresupuesto de ingresos y ley de gastos públicos del Gobierno Central 1980.
260 _aSanto Domingo :
_bSecretariado Técnico de la Presidencia,
_c1980.
300 _av. :
_bil., gráf.
590 _aInventariado, 2018/BT
650 4 _aPresupuesto
_zRepública Dominicana
_97940
650 4 _aRepública dominicana
_xGastos presupuestarios públicos
_y1980
_944756
650 4 _aHacienda pública
_zRepública Dominicana
_96562
650 4 _aPresupuesto
_xLegislación
_zRepública Dominicana
_933735
910 _aValidado. Control de calidad. MMOLINA
999 _c20960
_d20960